000 00377 a2200109 4500
020 _a8171419631
082 _a333.73 ABB
100 _aAbbasi, S. A
245 _aApplication of GIS and Remote Sensing in Environmental Management
_cS. A Abbasi, K. B Chari
260 _aNew Delhi :
_bDiscovery Publishing House,
_c2005
300 _a306p. :
_bill ., maps, graphs, pics., ;
_c22 cm
650 _aGIS -- Application
999 _c289
_d289